Biggest Cities in North East India on a Map - Statistics

General Stats
  • This quiz has been taken 13 times
  • The average score is 14 of 33
Answers on the Map
Answers color-coded by a green-red scale on the quiz's map according to % correct below.
 
Answer Stats
State City Pop % Correct
Assam Guwahati 962k
91%
West Bengal Siliguri 513k
82%
Tripura Agartala 400k
73%
Mizoram Aizawl 293k
73%
Sikkim Gangtok 100k
73%
Manipur Imphal 277k
73%
Meghalaya Shillong 143k
73%
West Bengal Darjeeling 119k
64%
Arunachal Pradesh Itanagar 59k
64%
Nagaland Kohima 99k
64%
West Bengal Cooch Behar 78k
45%
Assam Dibrugarh 145k
45%
West Bengal Jalpaiguri 107k
45%
Assam Jorhat 127k
45%
Assam Bongaigaon 67k
36%
West Bengal Dabgram 119k
36%
Assam Dhubri 63k
36%
Nagaland Dimapur 123k
36%
Assam Nagaon 122k
36%
Assam Silchar 179k
36%
Assam Tezpur 76k
36%
Assam Tinsukia 116k
36%
West Bengal Alipurduar 65k
27%
Assam Goalpara 53k
27%
Assam North Lakhimpur 60k
27%
Assam Sivasagar 51k
27%
Meghalaya Tura 75k
27%
West Bengal Binnaguri 59k
18%
Assam Diphu 62k
18%
Assam Karimganj 57k
9%
Mizoram Lunglei 57k
9%
Meghalaya Mawlai 55k
9%
West Bengal Kharia 62k
0%
No matching quizzes found
Score Distribution
Percent of People with Each Score
Percentile by Number Answered
Your Score History
You have not taken this quiz